00790nam a22002297a 450000500170000001000130001702000230003003500130005303700160006604000120008208200150009410000250010924500610013426000430019527000550023830000200029365000440031365000340035794200240039199900190041595201260043420170124110157.0 aB-031113 c650.00a8170002834 aB-031113 bCen Lib/Ret aDPLbEN a025.1bPAL aPaliwal, P K 943503 aCompendium of library administration /cby P K Paliwali  aNew DelhibEss ess publications c2000 bNew Delhia4837/24, Ansari road, Daryaganje110002 a303p.c22cm(Hb) aLibrary and information science 943504 aLibrary administration 92603 2ddccENh025.1mPAL c132610d132610 00104070aLbLd2015-07-23eCen Lib/Retg650.00l0o025.1 PALpB-031113r2015-07-23 00:00:00t1v650.00w2016-09-15yEN